00590nam a2200217Ia 450000500170000000800460001703700100006304000080007304000080008104000080008904100080009704100080010508400080011310000090012124500480013026000090017885600630018794200100025099900210026095200910028120260320201704.0008 262003s9999 xx 000 0 eng d aEBOOK aCRL beng cCRL 2eng aeng qCRL aFoss 0aSpecial Topics in Structural Dynamics, 2014 bIEEE uhttps://ieeexplore.ieee.org/servlet/opac?bknumber=11054341 cEBOOK c1722929d1722929 00104070aCRLbCRLd2026-03-20l0pCL2127023r2026-03-20 20:17:04w2026-03-20yEBOOK